000 00436nam a22001577a 4500
003 MPLRDC
005 20220104142756.0
008 210129b ||||| |||| 00| 0 eng d
082 _a051.1 K1KC 1991
100 _a坤成幼稚园筹委会
245 _a一九九一年坤成幼稚园第七十七届纪念刊
_c
260 _a
_b坤成幼稚园
_c1991
300 _b
650 _a学术纪要、学刊
942 _cBK
_o051.1 K1KC 1991
999 _c33616
_d33606